The Art Of The Start 2.0: The Time-Tested, Battle-Hardened Guide For Anyone Starting Anything (Record no. 369451)

MARC details
000 -LEADER
fixed length control field 00311 a2200109 4500
005 - DATE AND TIME OF LATEST TRANSACTION
control field 20251219124157.0
020 ## - INTERNATIONAL STANDARD BOOK NUMBER
International Standard Book Number 9780241187265
100 ## - MAIN ENTRY--PERSONAL NAME
Personal name Kawasaki G.
9 (RLIN) 215917
245 ## - TITLE STATEMENT
Title The Art Of The Start 2.0: The Time-Tested, Battle-Hardened Guide For Anyone Starting Anything
260 ## - PUBLICATION, DISTRIBUTION, ETC. (IMPRINT)
Name of publisher, distributor, etc. Penguin
Date of publication, distribution, etc. 2015
942 ## - ADDED ENTRY ELEMENTS (KOHA)
Koha item type Article
Holdings
Withdrawn status Lost status Source of classification or shelving scheme Damaged status Not for loan Home library Current library Date acquired Vendor Cost, normal purchase price Total Checkouts Full call number Barcode Date last seen Date last checked out Cost, replacement price Bill Date Koha item type
    Dewey Decimal Classification     Cummins College of Engineering for Women Pune Cummins College of Engineering for Women Pune 19/12/2025 115 489.30 1 658.11 KAW CCEP-BK-70069 06/03/2026 21/02/2026 699.00 19/12/2025 Books